Mistrzostwa Europy w piłce nożnej 2016 - grupy - Statystyki

Ogólne statystyki
  • Ten quiz został rozwiązany 18 953 razy
    18 924 od ostatniego zresetowania
  • Średni wynik to 20 z 24
Statystyki odpowiedzi
Odpowiedź % Poprawnych
Polska
100%
Francja
97%
Niemcy
97%
Portugalia
97%
Hiszpania
94%
Ukraina
94%
Włochy
91%
Irlandia
90%
Anglia
89%
Rosja
89%
Szwecja
89%
Szwajcaria
87%
Belgia
86%
Chorwacja
83%
Czechy
82%
Słowacja
82%
Walia
77%
Węgry
77%
Islandia
76%
Austria
75%
Irlandia Północna
75%
Rumunia
73%
Albania
69%
Turcja
66%
Nie znaleziono quizów pasujących do podanych kryteriów
Rozkład punktacji
Procent ludzi z każdym wynikiem
Percentyl według liczby udzielonych odpowiedzi
Twoja historia wyników
Nie rozwiązałeś tego quizu od ostatniego zresetowania